| 000 | 00677nam a2200241 a 4500 | ||
|---|---|---|---|
| 999 |
_c12399 _d12399 |
||
| 001 | 12399 | ||
| 003 | BD-JhCC | ||
| 005 | 20220205114206.0 | ||
| 008 | 220205b19902003xxu |||| ||a| 001 0 eng d | ||
| 020 | _a156564042 | ||
| 035 | _a(BD-JhCC)12399 | ||
| 040 |
_aBD-JhCC _dBD-JhCC |
||
| 041 | _aenglish | ||
| 082 |
_a340.59 _bALW 2003 |
||
| 100 | _aAl-Alwani,Taha Jabir | ||
| 245 |
_aSource Methodology In Islamic Jurisprudence / _cTaha Jabir Al-Alwani. |
||
| 260 |
_aLondon : _bThe International Inistitute of Islamic Thought; _c2003. |
||
| 300 |
_a84 p. : _c22 cm. |
||
| 650 | _aIslamic Law | ||
| 650 | _aInterpretation and construction | ||
| 942 |
_2ddc _cBK |
||